Ecology : principles and applications

Enregistré dans:
Détails bibliographiques
Auteur principal: Chapman, J. L.
Format: Livre
Langue:Undetermined
Publié: London Cambridge university press c1992
Sujets:
Tags: Ajouter un tag
Pas de tags, Soyez le premier à ajouter un tag!
Thư viện lưu trữ: Trung tâm Học liệu Trường Đại học Cần Thơ
LEADER 00507nam a2200193Ia 4500
001 CTU_127257
008 210402s9999 xx 000 0 und d
082 |a 577 
082 |b C466 
100 |a Chapman, J. L. 
245 0 |a Ecology : 
245 0 |b principles and applications 
245 0 |c J. L. Chapman, M. J. Reiss 
260 |a London 
260 |b Cambridge university press 
260 |c c1992 
650 |a Ecology 
904 |i Hiếu 
980 |a Trung tâm Học liệu Trường Đại học Cần Thơ